[Event "Aeroflot Open"]
[Site "Moscow RUS"]
[Date "2002.02.05"]
[Round "1"]
[White "Shinkevich,V"]
[Black "Shariyazdanov,A"]
[Result "1/2-1/2"]
[WhiteElo "2480"]
[BlackElo "2532"]
[EventDate "2002.02.04"]

1. d4 Nf6 2. c4 e6 3. Nf3 b6 4. g3 Ba6 5. b3 Bb4+ 6. Bd2 Be7 7. Bg2 c6 8.
Bc3 d5 9. Ne5 Nfd7 10. Nxd7 Nxd7 11. Nd2 O-O 12. O-O Rc8 13. e4 b5 14. Re1
bxc4 15. bxc4 dxc4 16. Qc2 Re8 17. Rad1 Qc7 18. Nf1 e5 19. Ne3 exd4 20.
Bxd4 Ne5 21. Bxe5 Qxe5 22. Bf1 Qe6 1/2-1/2

[Event "Aeroflot Open"]
[Site "Moscow RUS"]
[Date "2002.02.05"]
[Round "1"]
[White "Zavgorodniy,S"]
[Black "Mikhalevski,V"]
[Result "0-1"]
[WhiteElo "2407"]
[BlackElo "2531"]
[EventDate "2002.02.04"]

1. e4 e5 2. Nf3 Nc6 3. Bb5 a6 4. Bxc6 dxc6 5. O-O Ne7 6. Nxe5 Qd4 7. Qh5 g6
8. Qg5 Bg7 9. Nd3 f5 10. e5 Qg4 11. f4 Qxg5 12. fxg5 f4 13. Nxf4 Bxe5 14.
d3 O-O 15. Nc3 Bd4+ 16. Kh1 Nf5 17. Nfe2 Bg7 18. Ne4 Bd7 19. Bd2 c5 20. Nf4
Bc6 21. Ne6 Rf7 22. Nxg7 Bxe4 23. dxe4 Nxg7 24. Rxf7 Kxf7 25. Rf1+ Kg8 26.
Bc3 Re8 27. Re1 Rd8 28. h4 Ne6 29. Kh2 Nd4 30. Bxd4 cxd4 31. Rf1 d3 32. Rd1
d2 33. Kg3 Kf7 34. Kf3 Ke6 35. Kf4 a5 36. a4 Rd4 37. b3 Rd8 38. g4 Rd7 39.
h5 Rd8 40. h6 Rd7 41. c3 c5 42. e5 Rd5 43. Ke4 Rxe5+ 44. Kd3 Rd5+ 45. Kc4
Ke5 46. Kb5 Ke4 47. c4 Rd3 48. Kxa5 Ke3 49. Kb6 Rxb3+ 50. Kxc5 Ke2 0-1

[Event "Aeroflot Open"]
[Site "Moscow RUS"]
[Date "2002.02.05"]
[Round "1"]
[White "Kuzmin,G"]
[Black "Mirovshchikov,S"]
[Result "1/2-1/2"]
[WhiteElo "2527"]
[BlackElo "2402"]
[EventDate "2002.02.04"]

1. e4 c5 2. Nf3 e6 3. Nc3 d6 4. d4 cxd4 5. Qxd4 Nc6 6. Bb5 Bd7 7. Qd3 a6 8.
Bxc6 Bxc6 9. Bg5 Be7 10. Bxe7 Nxe7 11. O-O-O d5 12. Nd4 Qc7 13. Qg3 Qxg3
14. hxg3 O-O 15. e5 Rac8 16. Nce2 Rc7 17. Nf4 Rfc8 18. Rd2 Bb5 19. Re1 Nc6
20. c3 Nxd4 21. Rxd4 Rc4 22. Rxc4 Rxc4 23. Kc2 Rc8 24. b3 a5 25. Kb2 h6 26.
Nh3 Bd3 27. Nf4 Bb5 28. a4 Ba6 29. Kc2 Kf8 30. Kd2 Rc6 31. Rb1 Ke7 32. Nh5
Kf8 33. g4 Rc8 34. f3 Ra8 35. f4 Re8 36. Re1 b5 37. Ra1 Ra8 38. f5 bxa4 39.
Rxa4 Bb5 40. Ra1 a4 41. bxa4 Rxa4 42. Rb1 Be8 43. Rb8 exf5 44. gxf5 Re4 45.
e6 fxe6 46. f6 gxf6 47. Rxe8+ Kxe8 48. Nxf6+ Ke7 49. Nxe4 dxe4 50. Ke3 Kd6
51. Kxe4 Kc5 52. Ke5 Kc4 53. Kxe6 Kxc3 54. Kf5 Kd3 55. Kg6 Ke4 56. Kxh6 Kf4
1/2-1/2

[Event "Aeroflot Open"]
[Site "Moscow RUS"]
[Date "2002.02.05"]
[Round "1"]
[White "Zulfugarli,M"]
[Black "Mchedlishvili,M"]
[Result "1/2-1/2"]
[WhiteElo "2430"]
[BlackElo "2527"]
[EventDate "2002.02.04"]

1. e4 c6 2. d4 d5 3. Nc3 dxe4 4. Nxe4 Bf5 5. Ng3 Bg6 6. Nf3 Nd7 7. h4 h6 8.
h5 Bh7 9. Bd3 Bxd3 10. Qxd3 e6 11. Bf4 Bb4+ 12. c3 Be7 13. O-O-O Ngf6 14.
Kb1 O-O 15. Ne4 c5 16. Nxf6+ Nxf6 17. Qe2 Qd5 18. Be5 Qe4+ 19. Qc2 Qxc2+
20. Kxc2 Ne4 21. dxc5 Bxc5 22. Rd7 b5 23. Rh4 Nf6 24. Bxf6 gxf6 25. Rf4
Rfd8 26. Rb7 Kg7 27. Rxb5 Bxf2 28. Ne5 Be3 29. Rg4+ Kf8 30. Nc4 Bg1 31. Rf4
Rac8 32. b3 Kg7 33. Rf1 Bc5 34. Rb7 Rd5 35. g4 a6 36. a4 1/2-1/2

[Event "Aeroflot Open"]
[Site "Moscow RUS"]
[Date "2002.02.05"]
[Round "2"]
[White "Akopian,V"]
[Black "Lerner,K"]
[Result "1/2-1/2"]
[WhiteElo "2680"]
[BlackElo "2569"]
[EventDate "2002.02.04"]

1. Nf3 c5 2. c4 Nc6 3. Nc3 Nf6 4. g3 d6 5. Bg2 g6 6. O-O Bg7 7. d4 cxd4 8.
Nxd4 Bd7 9. Nc2 Qa5 10. Nd5 Nxd5 11. cxd5 Ne5 12. Bd2 Qa6 13. Bc3 O-O 14.
f4 Ng4 15. Bxg7 Kxg7 16. Qd4+ Kg8 17. Nb4 Qb6 18. Qxb6 axb6 19. Rfc1 Rfc8
20. Bf3 Ne3 21. Kf2 Ng4+ 22. Kg1 Ne3 23. Kf2 1/2-1/2

[Event "Aeroflot Open"]
[Site "Moscow RUS"]
[Date "2002.02.05"]
[Round "2"]
[White "Vaganian,R"]
[Black "Volkov,S"]
[Result "1/2-1/2"]
[WhiteElo "2662"]
[BlackElo "2567"]
[EventDate "2002.02.04"]

1. d4 d5 2. c4 c6 3. Nf3 Nf6 4. Nc3 a6 5. a4 e6 6. Bg5 Bb4 7. e3 Qa5 8.
Bxf6 Bxc3+ 9. bxc3 Qxc3+ 10. Nd2 gxf6 11. cxd5 exd5 12. Be2 f5 13. O-O Nd7
14. a5 Qb4 15. Bd3 Nf6 16. Qc2 Ne4 17. Bxe4 fxe4 18. f3 Bf5 19. fxe4 Bg6
20. Qb3 Qxb3 21. Nxb3 Bxe4 22. Nc5 O-O 23. Ra2 Rfe8 24. Rb2 Re7 25. Rb6 Ra7
26. Rf2 Bg6 27. Rb3 Bh5 28. h3 Bd1 29. Rd3 Bh5 30. Rb2 Bg6 31. Rdb3 Bf5 32.
Nxb7 Bd3 33. Nc5 Bb5 34. Rf2 Kg7 35. Rf3 Ra8 36. Rg3+ Kf8 37. Rb2 Rd8 38.
Rf2 Rd6 39. Rff3 Rg6 40. Kf2 Kg7 41. Rg4 Rxg4 42. hxg4 Kg6 43. g5 Kxg5 44.
Rg3+ Kf6 45. Rg8 Ra7 46. g4 h6 47. Kf3 Bc4 48. Kf4 Bb5 49. Rb8 Bc4 50. Rc8
Bb5 51. Rd8 Re7 52. Rh8 Kg7 53. Ra8 Be2 54. Rc8 Bb5 55. Rd8 Kf6 56. Rg8 Ra7
57. Rh8 Kg7 58. Rd8 Re7 59. Rd6 Ra7 60. Nd7 Rc7 61. Nf6 Re7 62. Nh5+ Kh7
63. Rf6 Re4+ 64. Kf3 Re7 65. Ng3 Kg7 66. Nh5+ Kh7 67. Kf2 Ba4 68. Rd6 Rb7
69. Kf3 Re7 70. Ng3 Re6 71. Rd8 Rf6+ 72. Nf5 h5 73. Rd6 Kg6 74. Kf4 hxg4
75. Kxg4 Rxd6 76. Nxd6 Kf6 77. Nb7 Bb5 78. Nc5 Bc4 79. Kf4 Bb5 80. Nd7+ Ke6
81. Nc5+ Kf6 82. Nd7+ 1/2-1/2

[Event "Aeroflot Open"]
[Site "Moscow RUS"]
[Date "2002.02.05"]
[Round "2"]
[White "Mikhalevski,V"]
[Black "Aleksandrov,A"]
[Result "0-1"]
[WhiteElo "2531"]
[BlackElo "2645"]
[EventDate "2002.02.04"]

1. Nf3 Nf6 2. c4 e6 3. g3 d5 4. Bg2 dxc4 5. Qa4+ Nbd7 6. Qxc4 a6 7. Qc2 c5
8. d3 b5 9. a4 Bb7 10. Nc3 Qb6 11. O-O Be7 12. Qb3 b4 13. a5 Qc7 14. Nb1
O-O 15. Nbd2 Bd5 16. Nc4 h6 17. Bf4 Qb7 18. Rfc1 Rfd8 19. Qd1 Nh5 20. Be3
Nhf6 21. Qf1 Rac8 22. Bf4 Bf8 23. h3 Nh5 24. Be3 Qb8 25. Nfd2 f5 26. Bf3
Nhf6 27. Qg2 g5 28. h4 g4 29. Bxd5 Nxd5 30. f4 gxf3 31. Nxf3 Nxe3 32. Nxe3
Kh7 33. Nc4 Bd6 34. g4 Rg8 35. g5 Ne5 36. Kh1 Ng4 37. e4 hxg5 38. Nxg5+
Rxg5 39. hxg5 Rh8 40. Qf3 Kg6+ 41. Kg1 Be5 42. exf5+ exf5 43. Nxe5+ Qxe5
44. Rc4 Qh2+ 45. Kf1 Qh1+ 0-1

[Event "Aeroflot Open"]
[Site "Moscow RUS"]
[Date "2002.02.05"]
[Round "2"]
[White "Tkachiev,V"]
[Black "Sadvakasov,D"]
[Result "1-0"]
[WhiteElo "2634"]
[BlackElo "2555"]
[EventDate "2002.02.04"]

1. d4 d5 2. c4 dxc4 3. e3 Nf6 4. Bxc4 e6 5. Nf3 c5 6. O-O a6 7. Bb3 b5 8.
a4 b4 9. Nbd2 Bb7 10. e4 cxd4 11. e5 Nfd7 12. Nc4 Be7 13. Nxd4 Nc5 14. Qg4
g6 15. Bh6 Nxb3 16. Nxb3 Nd7 17. Rad1 Rc8 18. Rfe1 Bc6 19. Nd6+ Bxd6 20.
exd6 e5 21. Nc5 Qa5 22. Qxd7+ Bxd7 23. Rxe5+ Be6 24. d7+ 1-0

[Event "Aeroflot Open"]
[Site "Moscow RUS"]
[Date "2002.02.05"]
[Round "2"]
[White "Tregubov,P"]
[Black "Eljanov,P"]
[Result "1/2-1/2"]
[WhiteElo "2626"]
[BlackElo "2540"]
[EventDate "2002.02.04"]

1. d4 Nf6 2. c4 g6 3. g3 c6 4. Bg2 d5 5. Nf3 Bg7 6. O-O O-O 7. b3 a5 8. Nc3
Ne4 9. Bb2 Nxc3 10. Bxc3 Bg4 11. cxd5 Bxf3 12. Bxf3 cxd5 13. Qd3 Nc6 14.
Rfd1 e6 15. Qb5 Ra6 16. e3 Rb6 17. Qe2 Qd7 18. Qe1 Ra8 19. Rab1 a4 20. bxa4
Rba6 21. Rb2 Rxa4 22. Rdb1 Rxa2 23. Rxb7 Qc8 24. R7b5 R2a3 25. Be2 Bf8 26.
Rc1 Qd7 27. Bf1 Ne7 28. Bb4 1/2-1/2

[Event "Aeroflot Open"]
[Site "Moscow RUS"]
[Date "2002.02.05"]
[Round "2"]
[White "Kovalevskaya,E"]
[Black "Socko,B"]
[Result "1/2-1/2"]
[WhiteElo "2462"]
[BlackElo "2585"]
[EventDate "2002.02.04"]

1. e4 e6 2. d4 d5 3. Nc3 Bb4 4. exd5 exd5 5. Bd3 Nc6 6. a3 Bxc3+ 7. bxc3
Be6 8. Rb1 b6 9. Ne2 Qd7 10. O-O Bf5 11. Ng3 Bxd3 12. cxd3 O-O-O 13. Re1 g6
14. Qa4 f6 15. c4 Nge7 16. c5 Kb7 17. Bd2 h5 18. Ne2 Nf5 19. Bc3 h4 20. Nf4
Ncxd4 21. Qxd7 Rxd7 22. Ne6 Nxe6 23. Rxe6 Rf7 24. Bxf6 Rhf8 25. c6+ Ka6 26.
Be5 Re7 27. Rxe7 Nxe7 28. Rc1 Kb5 29. Bxc7 Rc8 30. Bd6 Nxc6 31. f4 Ka4 32.
Kf2 Kb3 33. Ke3 Re8+ 34. Kd2 Nd4 35. Be5 Nb5 36. a4 Kxa4 37. Ra1+ Kb4 38.
Rb1+ Ka4 39. Ra1+ Kb4 1/2-1/2

[Event "Aeroflot Open"]
[Site "Moscow RUS"]
[Date "2002.02.05"]
[Round "2"]
[White "Sulskis,S"]
[Black "Chernikov,O"]
[Result "1-0"]
[WhiteElo "2579"]
[BlackElo "2460"]
[EventDate "2002.02.04"]

1. e4 c5 2. g3 g6 3. Bg2 Bg7 4. f4 d6 5. Nf3 e5 6. O-O Ne7 7. d3 O-O 8.
fxe5 dxe5 9. Be3 b6 10. a3 Nbc6 11. Qd2 Qd6 12. Nc3 a5 13. Nb5 Qd7 14. c4
Nd4 15. Nbxd4 cxd4 16. Bh6 Nc6 17. b4 Qd6 18. Rfc1 Bg4 19. c5 bxc5 20. bxc5
Qc7 21. Bxg7 Kxg7 22. Qa2 Rab8 23. Nd2 Be6 24. Qc2 Rb5 25. Rab1 Rfb8 26.
Bf3 Na7 27. Rxb5 Nxb5 28. Nb1 Na7 29. Bd1 Bb3 30. Qe2 a4 31. Nd2 Nb5 32.
Nb1 Na7 33. Nd2 Rb5 34. Nxb3 axb3 35. Qb2 Nc6 36. a4 Rb8 37. Rb1 Qa5 38.
Bxb3 Qxc5 39. Qf2 Qe7 40. Rb2 Rb4 41. Bd5 1-0

[Event "Aeroflot Open"]
[Site "Moscow RUS"]
[Date "2002.02.05"]
[Round "2"]
[White "Iskusnyh,S"]
[Black "Filippov,V"]
[Result "0-1"]
[WhiteElo "2514"]
[BlackElo "2625"]
[EventDate "2002.02.04"]

1. c4 c5 2. Nf3 Nc6 3. Nc3 e5 4. e3 Nf6 5. Be2 d5 6. cxd5 Nxd5 7. O-O Be7
8. Bb5 Nxc3 9. dxc3 Qxd1 10. Rxd1 f6 11. e4 Be6 12. Be3 a6 13. Bxc6+ bxc6
14. Nd2 c4 15. b3 cxb3 16. axb3 Kf7 17. Ra4 Rhd8 18. Rc1 Rd3 19. Kf1 Rad8
20. Ke2 Bc5 21. Bxc5 Rxd2+ 22. Kf3 g6 23. g4 h5 24. gxh5 gxh5 25. Rxa6
R2d3+ 26. Be3 Bxb3 27. Ra7+ Ke6 28. Rg7 Ra8 29. c4 Ra2 30. Rc7 Bd1+ 31. Kg3
Ba4 32. Ra7 Bb3 33. Rc7 Ba4 34. Ra7 f5 35. exf5+ Kxf5 36. Rb1 Bb3 37. Rxb3
Rxe3+ 38. Rxe3 Rxa7 39. f3 Rg7+ 40. Kf2 Rd7 0-1

[Event "Aeroflot Open"]
[Site "Moscow RUS"]
[Date "2002.02.05"]
[Round "2"]
[White "Meister,Y"]
[Black "Asrian,K"]
[Result "1/2-1/2"]
[WhiteElo "2494"]
[BlackElo "2599"]
[EventDate "2002.02.04"]

1. e4 c6 2. d4 d5 3. exd5 cxd5 4. c4 Nf6 5. Nc3 e6 6. Nf3 Bb4 7. Bd3 dxc4
8. Bxc4 Nbd7 9. O-O O-O 10. Qe2 Bxc3 11. bxc3 Qc7 12. Bd2 b6 13. Bb3 Bb7
14. h3 Ne4 15. Rac1 Nxd2 16. Nxd2 Rac8 17. Rfe1 Qf4 18. Qe3 Qxe3 19. fxe3
Rfd8 20. Rc2 Rc7 21. Kf2 Nf6 22. e4 b5 23. Ke3 Kf8 24. a4 a6 25. axb5 axb5
26. Ra1 Rdc8 27. Rac1 Ra8 28. Ra2 Rcc8 29. Rxa8 Rxa8 30. Bc2 Bc6 31. Rb1
Ra3 32. Rb3 Ra1 33. Rb1 Ra3 34. Rb3 Ra1 35. Rb1 1/2-1/2

[Event "Aeroflot Open"]
[Site "Moscow RUS"]
[Date "2002.02.05"]
[Round "2"]
[White "Podgaets,M"]
[Black "Fedorov,Alex"]
[Result "1/2-1/2"]
[WhiteElo "2490"]
[BlackElo "2589"]
[EventDate "2002.02.04"]

1. d4 Nf6 2. c4 g6 3. Nf3 Bg7 4. g3 O-O 5. Bg2 d6 6. Nc3 Nc6 7. O-O a6 8.
b3 Rb8 9. Nd5 e6 10. Nxf6+ Qxf6 11. Bb2 e5 12. d5 Nd8 13. c5 Qe7 14. cxd6
cxd6 15. Nd2 f5 16. Nc4 Nf7 17. Rc1 b6 18. a4 a5 19. b4 axb4 20. a5 bxa5
21. Nxa5 Bd7 22. Nc6 Bxc6 23. dxc6 e4 24. Bxg7 Kxg7 25. f3 exf3 26. exf3
Ne5 27. Qd4 Qf6 28. Rfd1 Rf7 29. f4 1/2-1/2

[Event "Aeroflot Open"]
[Site "Moscow RUS"]
[Date "2002.02.05"]
[Round "2"]
[White "Dolmatov,S"]
[Black "Bagirov,R"]
[Result "1-0"]
[WhiteElo "2588"]
[BlackElo "2471"]
[EventDate "2002.02.04"]

1. e4 e6 2. d4 d5 3. Nc3 Nf6 4. Bg5 Be7 5. e5 Nfd7 6. Bxe7 Qxe7 7. f4 O-O
8. Nf3 c5 9. Qd2 Nc6 10. g3 a6 11. Bg2 b5 12. Ne2 a5 13. O-O Nb6 14. b3 b4
15. dxc5 Qxc5+ 16. Ned4 Ba6 17. Rf2 Nxd4 18. Nxd4 Kh8 19. Re1 Rfe8 20. f5
exf5 21. Nxf5 Re6 22. Nd4 Re7 23. Nf5 Re6 24. Qd4 Qxd4 25. Nxd4 Re7 26. e6
fxe6 27. Rxe6 Rxe6 28. Nxe6 Re8 29. Rf7 a4 30. Ra7 axb3 31. axb3 1-0

[Event "Aeroflot Open"]
[Site "Moscow RUS"]
[Date "2002.02.05"]
[Round "2"]
[White "Gagunashvili,M"]
[Black "Ivanov,AV"]
[Result "1/2-1/2"]
[WhiteElo "2486"]
[BlackElo "2578"]
[EventDate "2002.02.04"]

1. d4 g6 2. c4 Bg7 3. Nc3 c5 4. d5 d6 5. g3 e5 6. Nf3 Na6 7. Bg2 Nc7 8. O-O
Ne7 9. Ne1 h5 10. Nd3 b6 11. e4 h4 12. Be3 Bd7 13. f4 Ng8 14. fxe5 dxe5 15.
Qf3 Qf6 16. Qxf6 Bxf6 17. Rxf6 Nxf6 18. Nxe5 hxg3 19. hxg3 Ng4 20. Nxg4
Bxg4 21. e5 O-O-O 22. Ne4 Bf5 23. Nf6 Rdf8 24. g4 Bd7 25. Bg5 Ne8 26. Nxd7
Kxd7 27. Rf1 f6 28. e6+ Ke7 29. Bd2 g5 30. Kf2 Nd6 31. b3 Rh4 32. Kg3 Rg8
33. Bc3 Rh6 34. Kf2 Rf8 35. Kg3 Rg8 36. Rf2 Rf8 37. Bd2 Rg8 38. Bc1 Rhg6
39. a3 Rf8 40. Kh2 Rh8+ 41. Kg3 Rf8 42. Kh2 1/2-1/2

[Event "Aeroflot Open"]
[Site "Moscow RUS"]
[Date "2002.02.05"]
[Round "2"]
[White "Dvoirys,S"]
[Black "Vlassov,N"]
[Result "1-0"]
[WhiteElo "2563"]
[BlackElo "2454"]
[EventDate "2002.02.04"]

1. e4 d5 2. exd5 Nf6 3. d4 Bg4 4. f3 Bf5 5. c4 e6 6. dxe6 Nc6 7. Be3 Qe7 8.
Nc3 O-O-O 9. Qd2 fxe6 10. O-O-O Qb4 11. Nge2 Na5 12. Ng3 Nxc4 13. Bxc4 Qxc4
14. Nxf5 exf5 15. Qc2 g6 16. d5 Bc5 17. Bg5 Rd6 18. b3 Qa6 19. Kb1 Bb4 20.
Rd4 Qa5 21. Bd2 c5 22. Ne4 fxe4 23. Bxb4 Qc7 24. Bxc5 Rxd5 25. Rc4 Kd7 26.
fxe4 b5 27. Rc3 Rh5 28. Rd1+ Ke6 29. Bd4 1-0

[Event "Aeroflot Open"]
[Site "Moscow RUS"]
[Date "2002.02.05"]
[Round "2"]
[White "Beshukov,S"]
[Black "Turov,M"]
[Result "0-1"]
[WhiteElo "2465"]
[BlackElo "2563"]
[EventDate "2002.02.04"]

1. e4 c6 2. d4 d5 3. e5 c5 4. dxc5 Nc6 5. Nf3 Bg4 6. Bb5 e6 7. Be3 Nge7 8.
c3 a6 9. Ba4 Qc7 10. Bd4 Ng6 11. Nbd2 f6 12. exf6 e5 13. fxg7 Bxg7 14. Be3
Nh4 15. Rg1 e4 16. h3 exf3 17. hxg4 Nxg2+ 18. Kf1 Nxe3+ 19. fxe3 O-O 20.
Bb3 Kh8 21. Bc2 Rae8 22. Nb3 Rxe3 23. Rh1 h6 24. Rh3 Qf4 25. Bf5 Rxf5 26.
gxf5 Qc4+ 27. Kf2 Re2+ 0-1

[Event "Aeroflot Open"]
[Site "Moscow RUS"]
[Date "2002.02.05"]
[Round "2"]
[White "Pogorelov,R"]
[Black "Gershon,A"]
[Result "1/2-1/2"]
[WhiteElo "2460"]
[BlackElo "2558"]
[EventDate "2002.02.04"]

1. Nf3 c5 2. c4 Nc6 3. d4 cxd4 4. Nxd4 Nf6 5. Nc3 e6 6. a3 Be7 7. e4 O-O 8.
Be2 Qc7 9. Be3 a6 10. O-O b6 11. Nxc6 dxc6 12. f4 e5 13. f5 Rd8 14. Qc2 Bc5
15. Bxc5 bxc5 16. Bf3 a5 17. Rfd1 Ba6 18. b3 Kf8 19. a4 Qb6 1/2-1/2

[Event "Aeroflot Open"]
[Site "Moscow RUS"]
[Date "2002.02.05"]
[Round "2"]
[White "Rychagov,A"]
[Black "Erenburg,S"]
[Result "1-0"]
[WhiteElo "2544"]
[BlackElo "2436"]
[EventDate "2002.02.04"]

1. d4 d5 2. c4 c6 3. Nf3 Nf6 4. Nc3 e6 5. Bg5 h6 6. Bh4 Nbd7 7. e3 Be7 8.
Bd3 O-O 9. O-O dxc4 10. Bxc4 b5 11. Be2 a6 12. Ne5 Bb7 13. Bxf6 Nxf6 14.
Bf3 Qb6 15. Ne4 Rfd8 16. Rc1 Rac8 17. Nc5 Bxc5 18. Rxc5 Nd7 19. Nxd7 Rxd7
20. Qc2 Rd6 21. Rc1 Qd8 22. Qe2 Qe7 23. g3 g6 24. Be4 Qf6 25. Qf1 Qe7 26.
Qg2 Qd7 27. h4 h5 28. Qf3 Kg7 29. Qf4 Qe7 30. Bf3 Kf8 31. Qh6+ Ke8 32. Qg7
Qf8 33. Qe5 Kd7 34. a4 Qe7 35. Ra1 Kd8 36. axb5 axb5 37. Ra7 Rc7 38. Qh8+
Qe8 39. Qxe8+ Kxe8 40. Bxc6+ Rdxc6 41. Rxc6 Rxc6 42. Rxb7 e5 43. Rxb5 exd4
44. exd4 Ke7 45. Kg2 Kd6 46. Rb4 Ke6 47. Kf3 Kd5 48. Ke3 Re6+ 49. Kd3 Rf6
50. Rb5+ Kc6 51. Rc5+ Kd7 52. Rc2 Rb6 53. Rd2 Kd6 54. Kc4 1-0

[Event "Aeroflot Open"]
[Site "Moscow RUS"]
[Date "2002.02.05"]
[Round "2"]
[White "Khurtsidze,N"]
[Black "Kulaots,K"]
[Result "1/2-1/2"]
[WhiteElo "2434"]
[BlackElo "2531"]
[EventDate "2002.02.04"]

1. d4 Nf6 2. c4 e6 3. Nc3 d5 4. Bg5 Be7 5. Nf3 O-O 6. e3 h6 7. Bxf6 Bxf6 8.
cxd5 exd5 9. Bd3 c6 10. Qc2 Re8 11. O-O Nd7 12. b4 a6 13. a4 Be7 14. b5 a5
15. bxc6 bxc6 16. e4 dxe4 17. Nxe4 Ba6 18. Rfd1 Qb6 19. Rab1 Bb4 20. Nd6
Bxd3 21. Qxd3 Re6 22. Nc4 Qc7 23. Nfe5 Nf6 1/2-1/2

[Event "Aeroflot Open"]
[Site "Moscow RUS"]
[Date "2002.02.05"]
[Round "2"]
[White "Geller,J"]
[Black "Kuzmin,G"]
[Result "1-0"]
[WhiteElo "2417"]
[BlackElo "2527"]
[EventDate "2002.02.04"]

1. e4 e5 2. Nf3 Nc6 3. Bb5 f5 4. d3 fxe4 5. dxe4 Nf6 6. O-O Bc5 7. Qe2 d6
8. Qc4 Bb6 9. Nc3 Bd7 10. Ng5 Qe7 11. Nd5 Nxd5 12. exd5 Nd8 13. Bxd7+ Qxd7
14. Qe4 g6 15. a4 a5 16. Be3 O-O 17. Bxb6 cxb6 18. f4 Qf5 19. fxe5 Qxg5 20.
Rxf8+ Kxf8 21. Rf1+ Kg8 22. e6 Qe7 23. c4 Rc8 24. b3 Rc7 25. Qd4 Nxe6 26.
dxe6 Qxe6 27. Qxb6 Re7 28. Qxa5 Qe3+ 29. Kh1 Kg7 30. Qd8 Rf7 31. Rxf7+ Kxf7
32. Qd7+ Kg8 33. Qc8+ Kg7 34. Qd7+ Kg8 35. Qc8+ Kg7 36. Qxb7+ Kh6 37. h3
Qe1+ 38. Kh2 Qe5+ 39. Kg1 Qe1+ 40. Kh2 Qe5+ 41. g3 Qb2+ 42. Qg2 Qxb3 43.
Qd2+ Kg7 44. Qd4+ Kf7 45. Qxd6 Qxa4 46. Qd5+ Ke7 47. Qe5+ Kf7 48. c5 Qc2+
49. Kg1 Qd2 50. h4 Qc2 51. Qd5+ Kf6 52. c6 Qe2 53. c7 Qe1+ 54. Kh2 Qf2+ 55.
Qg2 Qc5 56. Qf3+ Ke7 57. Qf4 Kd7 58. Qf7+ Kc8 59. Qg8+ Kxc7 60. Qxh7+ Kd8
61. Qxg6 1-0

[Event "Aeroflot Open"]
[Site "Moscow RUS"]
[Date "2002.02.05"]
[Round "2"]
[White "Van Wely,L"]
[Black "Meshkov,Y"]
[Result "1-0"]
[WhiteElo "2697"]
[BlackElo "2407"]
[EventDate "2002.02.04"]

1. d4 g6 2. c4 Bg7 3. Nf3 d6 4. Nc3 Bg4 5. g3 Nc6 6. d5 Bxf3 7. exf3 Nd4 8.
Bg2 c5 9. dxc6 Nxc6 10. O-O Nf6 11. b3 O-O 12. Rb1 Nd7 13. Bd2 a6 14. f4
Rb8 15. a4 Nc5 16. h4 Nd4 17. h5 a5 18. hxg6 hxg6 19. Ne4 Nde6 20. Be3 b6
21. g4 Nxe4 22. Bxe4 Nc5 23. Bc2 e6 24. f5 d5 25. cxd5 exd5 26. b4 d4 27.
Bf4 axb4 28. Bxb8 Qxb8 29. Qf3 Qd6 30. Rfd1 g5 31. Rxb4 Bf6 1-0

[Event "Aeroflot Open"]
[Site "Moscow RUS"]
[Date "2002.02.05"]
[Round "2"]
[White "Janssen,R"]
[Black "Kovalev,A"]
[Result "0-1"]
[WhiteElo "2476"]
[BlackElo "2575"]
[EventDate "2002.02.04"]

1. Nf3 Nf6 2. c4 g6 3. Nc3 Bg7 4. g3 O-O 5. Bg2 d6 6. O-O e5 7. d3 Nc6 8.
Rb1 a5 9. a3 h6 10. b4 axb4 11. axb4 Be6 12. b5 Ne7 13. Bb2 Qd7 14. Nd2 c6
15. Na4 Qc7 16. b6 Qb8 17. c5 d5 18. e4 dxe4 19. dxe4 Rd8 20. Bc3 Bc4 21.
Re1 Bb5 22. Nb2 Nd7 23. Bb4 Bf8 24. Qc2 Nc8 25. Nb3 Ncxb6 26. Ba5 Bxc5 27.
Nxc5 Rxa5 28. Red1 Ra8 29. Bh3 Nxc5 30. Qxc5 Qc7 31. Rbc1 Be2 32. Re1 Rd2
33. Qb4 Rad8 34. Rb1 Bb5 35. Qa5 Na8 36. Qa1 Qe7 37. Nd1 Nb6 38. Ne3 h5 39.
Qc3 Na4 0-1

[Event "Aeroflot Open"]
[Site "Moscow RUS"]
[Date "2002.02.05"]
[Round "2"]
[White "Efimenko,Z"]
[Black "Firman,N"]
[Result "1-0"]
[WhiteElo "2546"]
[BlackElo "2485"]
[EventDate "2002.02.04"]

1. e4 e6 2. d4 d5 3. Nd2 Nf6 4. e5 Nfd7 5. f4 c5 6. c3 Nc6 7. Ndf3 Qb6 8.
g3 cxd4 9. cxd4 Bb4+ 10. Kf2 f6 11. Be3 g5 12. Bh3 gxf4 13. gxf4 Rf8 14.
Ne2 fxe5 15. fxe5 Be7 16. b3 Bh4+ 17. Ng3 Ne7 18. Kg2 Ng6 19. Qd2 Rf7 20.
Rhf1 Ndf8 21. Ng5 Rxf1 22. Rxf1 1-0

[Event "Aeroflot Open"]
[Site "Moscow RUS"]
[Date "2002.02.05"]
[Round "2"]
[White "Zilberman,Y"]
[Black "Goloshchapov,A"]
[Result "1/2-1/2"]
[WhiteElo "2466"]
[BlackElo "2545"]
[EventDate "2002.02.04"]

1. d4 e6 2. c4 f5 3. g3 Nf6 4. Bg2 Be7 5. Nf3 O-O 6. O-O d5 7. b3 b6 8. Bb2
Bb7 9. Nbd2 a5 10. a3 Na6 11. Ne5 c5 12. e3 Bd6 13. Qe2 Qe7 14. f4 Rac8 15.
Rfe1 Rfd8 16. h3 Ne4 17. Nxe4 fxe4 18. Rec1 cxd4 19. exd4 Nb8 20. h4 Ba6
21. Bh3 Bxe5 22. fxe5 Rc6 23. Qe1 Kh8 1/2-1/2

[Event "Aeroflot Open"]
[Site "Moscow RUS"]
[Date "2002.02.05"]
[Round "2"]
[White "Miton,K"]
[Black "Yagupov,I"]
[Result "1-0"]
[WhiteElo "2521"]
[BlackElo "2466"]
[EventDate "2002.02.04"]

1. d4 d5 2. c4 c6 3. e3 Nf6 4. Nf3 Bf5 5. Nc3 e6 6. Nh4 Be4 7. f3 Bg6 8.
Qb3 Qc7 9. Bd2 Be7 10. Nxg6 hxg6 11. O-O-O Nbd7 12. h3 dxc4 13. Bxc4 b5 14.
Be2 a6 15. Kb1 c5 16. g4 cxd4 17. exd4 Nb6 18. Rc1 Rb8 19. h4 Nfd5 20. Ne4
Qa7 21. Nc5 Nd7 22. f4 O-O 23. h5 Nxc5 24. dxc5 Bxc5 25. hxg6 fxg6 26. f5
gxf5 27. gxf5 Rxf5 28. Bg4 Rbf8 29. Qh3 R8f6 30. Bxf5 Rxf5 31. Qh7+ Kf7 32.
Bh6 Bd4 33. Rhg1 Ke8 34. Qg8+ Kd7 35. Rg6 Bf6 36. Rxf6 gxf6 37. Qf7+ Ne7
38. Bf8 Kd6 39. Bxe7+ Qxe7 40. Rc6+ Kxc6 41. Qxe7 Rf1+ 42. Kc2 Rf2+ 43. Kc3
Rf3+ 44. Kd2 Rf2+ 45. Ke3 Rxb2 46. Qxe6+ Kc5 47. Qe7+ Kd5 48. Qe4+ 1-0

[Event "Aeroflot Open"]
[Site "Moscow RUS"]
[Date "2002.02.05"]
[Round "2"]
[White "Bocharov,D"]
[Black "Kantsler,B"]
[Result "1-0"]
[WhiteElo "2452"]
[BlackElo "2519"]
[EventDate "2002.02.04"]

1. d4 d6 2. Nf3 Nf6 3. c4 g6 4. g3 Bg7 5. Bg2 O-O 6. Nc3 Nbd7 7. O-O e5 8.
e4 exd4 9. Nxd4 Re8 10. Re1 Nc5 11. h3 Bd7 12. b4 Ne6 13. Nb3 Qc8 14. Bd2
h6 15. f4 c5 16. b5 Nd4 17. Kh2 Bg4 18. Qb1 Bf3 19. Qd3 Bxg2 20. Kxg2 a6
21. bxa6 bxa6 22. Nxd4 cxd4 23. Nd5 Rb8 24. Rab1 Rxb1 25. Nxf6+ Bxf6 26.
Rxb1 Qc6 27. Re1 Bg7 28. Kf2 Rb8 29. Re2 Qd7 30. g4 Qa4 31. Bc1 Rb4 32. Rc2
Rb1 33. Ba3 Rh1 34. Rd2 Qa5 35. Re2 Qc3 36. Qxc3 dxc3 37. Kg2 Rd1 38. Bb4
Rb1 39. Ba3 Rd1 40. Bb4 Rb1 41. Ba3 a5 42. Kf3 Rd1 43. Rc2 Rd3+ 44. Ke2 Rd4
45. Ke3 Rxc4 46. Bxd6 g5 47. f5 Rc8 48. e5 1-0

[Event "Aeroflot Open"]
[Site "Moscow RUS"]
[Date "2002.02.05"]
[Round "2"]
[White "Obodchuk,A"]
[Black "Galliamova,A"]
[Result "0-1"]
[WhiteElo "2438"]
[BlackElo "2514"]
[EventDate "2002.02.04"]

1. d4 d5 2. c4 c6 3. Nc3 Nf6 4. Nf3 e6 5. Bg5 h6 6. Bxf6 Qxf6 7. e3 g6 8.
Bd3 Bg7 9. O-O O-O 10. b4 dxc4 11. Bxc4 Nd7 12. Qe2 e5 13. Bb3 Qe7 14. Qc2
Qxb4 15. Nxe5 Nxe5 16. dxe5 Qc5 17. Rac1 Kh7 18. e6 Bxe6 19. Bxe6 fxe6 20.
Qb3 Qe7 21. Ne4 Rf5 22. a4 Rd8 23. Rc4 Rfd5 24. g3 Rd3 25. Qb1 R3d5 26. Kg2
R8d7 27. h4 Rc7 28. Rfc1 Qf7 29. Nc5 Re7 30. a5 Qf6 31. Nxb7 Rb5 32. Qe4
Rbxb7 33. h5 Rb5 34. hxg6+ Qxg6 35. Qxc6 Rxa5 36. R1c2 Ra1 37. Rh4 Qd3 38.
Rcc4 Rf7 39. Rhf4 Rxf4 40. Rxf4 Qd5+ 41. Qxd5 exd5 0-1

[Event "Aeroflot Open"]
[Site "Moscow RUS"]
[Date "2002.02.05"]
[Round "2"]
[White "Korobov,A"]
[Black "Kim,A"]
[Result "0-1"]
[WhiteElo "2511"]
[BlackElo "2414"]
[EventDate "2002.02.04"]

1. d4 f5 2. g3 Nf6 3. Bg2 g6 4. c3 Bg7 5. Qb3 c6 6. Nd2 d5 7. Ngf3 O-O 8.
O-O e6 9. Qc2 Nbd7 10. c4 h6 11. b4 Ne4 12. Bb2 Qe8 13. a4 g5 14. Rfc1 g4
15. Ne1 Nxd2 16. Qxd2 Nb6 17. c5 Nc4 18. Rxc4 dxc4 19. Qc3 e5 20. d5 cxd5
21. Bxd5+ Be6 22. Bxb7 Rb8 23. Ba6 Rf7 24. Nc2 Rd8 25. b5 Qe7 26. Qa5 f4
27. c6 fxg3 28. hxg3 Qf6 29. Rf1 Rd1 30. Ne1 Bf8 31. c7 Bc5 32. c8=Q+ Bxc8
33. Bxc8 h5 34. Kg2 Qxf2+ 35. Rxf2 Rxf2+ 36. Kh1 Rf1+ 37. Kh2 Rfxe1 38.
Be6+ Kf8 39. Qxe1 Rxe1 40. Bxc4 Bd4 41. Ba3+ Kg7 42. Bd6 Ra1 43. Bb3 Kf6
44. Bc7 Bb6 45. Bd6 Rb1 46. Bc4 Rd1 47. Bf8 Rc1 48. Bd5 Rc2 0-1